Special report (Record no. 81745)

MARC details
000 -LEADER
fixed length control field 01028cab a22002055a 4500
001 - CONTROL NUMBER
control field L148192
008 - FIXED-LENGTH DATA ELEMENTS--GENERAL INFORMATION
fixed length control field 090818e20090814xxkdo f 000 0 eng d
035 ## - SYSTEM CONTROL NUMBER
System control number (Sirsi) u148192
041 0# - LANGUAGE CODE
Language code of text/sound track or separate title eng
100 1# - MAIN ENTRY--PERSONAL NAME
Personal name Shah, Aditi
245 00 - TITLE STATEMENT
Title Special report
Remainder of title business and science parks
260 ## - PUBLICATION, DISTRIBUTION, ETC.
Date of publication, distribution, etc. 2009
490 #0 - SERIES STATEMENT
Series statement Property Week
Volume/sequential designation 75 (32) 14 August 2009, 43-46 (4)
520 ## - SUMMARY, ETC.
Summary, etc. Discusses the market for business parks and science parks in the UK in 2009. Highlights that construction of business parks reduced with the recession, while the vacancy rate stands at 14.4%. Reveals that developers of business parks have learned to be flexible to keep occupiers as the space available for letting increases. Reports that joint ventures between private developers and science councils could help the UK keep its status of provider of world-class research facilities.
590 ## - LOCAL NOTE (RLIN)
Local note KA
651 #4 - SUBJECT ADDED ENTRY--GEOGRAPHIC NAME
Geographic name United Kingdom
Chronological subdivision
690 ## - LOCAL SUBJECT ADDED ENTRY--TOPICAL TERM (OCLC, RLIN)
Topical term or geographic name as entry element PROPERTY-COMMERCIAL PROPERTY-COMMERCIAL PROPERTY MARKET
700 1# - ADDED ENTRY--PERSONAL NAME
Personal name Shepherd, Mark
942 ## - ADDED ENTRY ELEMENTS (KOHA)
Suppress in OPAC 0
Holdings
Withdrawn status Lost status Source of classification or shelving scheme Damaged status Not for loan Home library Current library Shelving location Date acquired Total Checkouts Full call number Barcode Date last seen Copy number Price effective from Koha item type
    Dewey Decimal Classification     London London Journal article 18/08/2009   L148192 148192-1001 06/08/2019 1 06/08/2019 Journal article